ASP 3.0 programmer's reference (Record no. 41992)

MARC details
000 -LEADER
fixed length control field 00338nam a2200121Ia 4500
082 ## - DEWEY DECIMAL CLASSIFICATION NUMBER
Classification number 681.31ASP
Item number AND
100 ## - MAIN ENTRY--AUTHOR NAME
Personal name Anderson, Richard
245 #0 - TITLE STATEMENT
Title ASP 3.0 programmer's reference
260 ## - PUBLICATION, DISTRIBUTION, ETC. (IMPRINT)
Place of publication Mumbai
Name of publisher Shroff Publishers & Distributers
Year of publication 2000
650 ## - SUBJECT ADDED ENTRY--TOPICAL TERM
Topical Term Active server pages
942 ## - ADDED ENTRY ELEMENTS (KOHA)
Koha item type Books
Holdings
Withdrawn status Lost status Damaged status Not for loan Home library Current library Date acquired Full call number Accession Number Koha item type
        RRII Library RRII Library 16/12/2021 681.31ASP AND 22272 Books